[Event "Bogota Kallpa op"]
[Site "Bogota"]
[Date "2025.06.26"]
[Round "1"]
[White "Manrique Ochoa, Fernando"]
[Black "Lerma Munoz, Luis Alberto"]
[Result "1-0"]
[WhiteElo "1967"]
[BlackElo "1542"]
[PlyCount "59"]
[EventDate "2025.06.25"]
[EventType "swiss"]
[EventRounds "6"]
[EventCountry "COL"]
[SourceTitle "CB27_2025"]
[SourceDate "2025.07.02"]
[SourceVersion "1"]
[SourceVersionDate "2025.07.02"]
[SourceQuality "1"]

1. e4 e5 2. Nf3 Nf6 3. Bc4 Nxe4 4. Nxe5 d5 5. Bb3 Qg5 6. 0-0 Qxe5 7. d4 Qd6 8. Qe2 Be7 9. Re1 Nc6 10. Ba4 Bd7 11. Bxc6 Bxc6 12. f3 Nf6 13. b3 Kd7 14. Ba3 Qe6 15. Bxe7 Kxe7 16. Qf2 Qxe1+ 17. Qxe1+ Kd7 18. Nc3 Rae8 19. Qg3 Rhg8 20. a4 Re3 21. Na2 a5 22. Re1 Rxe1+ 23. Qxe1 Re8 24. Qxa5 b6 25. Qd2 Kc8 26. Nb4 Kb7 27. Qg5 Rg8 28. Nd3 h6 29. Qf4 Nd7 30. Qxf7 1-0

[Event "Manizales Feria op 29th"]
[Site "Manizales"]
[Date "2024.01.08"]
[Round "6"]
[White "Manrique Ochoa, Fernando"]
[Black "Jaramillo, Carlos Orlando"]
[Result "0-1"]
[WhiteElo "1990"]
[BlackElo "1732"]
[PlyCount "90"]
[EventDate "2024.01.05"]
[EventType "swiss"]
[EventRounds "7"]
[EventCountry "COL"]
[SourceTitle "CBM 218 Extra"]
[Source "ChessBase"]
[SourceDate "2024.03.31"]
[SourceVersion "1"]
[SourceVersionDate "2024.03.31"]
[SourceQuality "1"]

1. e4 d6 2. d4 Nf6 3. Nc3 c6 4. Nf3 g6 5. Bg5 Bg7 6. Qd2 h6 7. Bf4 b5 8. a3 Nh5 9. Be3 a5 10. d5 Bb7 11. dxc6 Bxc6 12. Nd4 Bxd4 13. Qxd4 e5 14. Qd3 g5 15. Nxb5 0-0 16. f3 Bxb5 17. Qxb5 Qc7 18. Bc4 Nd7 19. b3 Nhf6 20. Qa4 Nc5 21. Bxc5 Qxc5 22. 0-0-0 Rac8 23. Rd2 Qe3 24. Kd1 Qc3 25. Rf1 Qe3 26. Rd3 Qc5 27. Rd2 Rfd8 28. Ba6 Rc7 29. Bb5 Rb8 30. c4 Ra7 31. b4 axb4 32. Qxb4 Rxa3 33. Qxc5 dxc5 34. Ke2 Kg7 35. Rfd1 Rba8 36. g4 h5 37. h3 hxg4 38. hxg4 Rh8 39. Rd3 Rh2+ 40. Ke3 Ra8 41. Rd6 Rah8 42. Rc6 Nxg4+ 43. Kd3 Nf2+ 44. Kc2 Nxd1+ 45. Kxd1 Ra2 0-1

[Event "Manizales Feria op 29th"]
[Site "Manizales"]
[Date "2024.01.08"]
[Round "7"]
[White "Triana Castro, Francisco Javier"]
[Black "Manrique Ochoa, Fernando"]
[Result "0-1"]
[WhiteElo "1593"]
[BlackElo "1990"]
[PlyCount "132"]
[EventDate "2024.01.05"]
[EventType "swiss"]
[EventRounds "7"]
[EventCountry "COL"]
[SourceTitle "CBM 218 Extra"]
[Source "ChessBase"]
[SourceDate "2024.03.31"]
[SourceVersion "1"]
[SourceVersionDate "2024.03.31"]
[SourceQuality "1"]

1. d4 d5 2. c3 c5 3. dxc5 e6 4. b4 a5 5. e3 axb4 6. cxb4 b6 7. Bb5+ Bd7 8. Nc3 bxc5 9. Bxd7+ Nxd7 10. bxc5 Bxc5 11. Nf3 Ngf6 12. 0-0 0-0 13. a4 Qe7 14. Nd4 Rfc8 15. Ncb5 Ne4 16. Qb3 Ne5 17. f3 Nd6 18. Nxd6 Qxd6 19. f4 Nc4 20. Qd3 Qb6 21. Re1 Bxd4 22. Qxd4 Qxd4 23. exd4 Ra6 24. Be3 Rca8 25. Bf2 Rxa4 26. Rxa4 Rxa4 27. f5 Ra6 28. Rb1 h6 29. fxe6 fxe6 30. h3 Nd2 31. Rd1 Ne4 32. Be1 Ra4 33. Kf1 Kf7 34. Ke2 Ra2+ 35. Kf3 g6 36. h4 h5 37. g4 Kf6 38. gxh5 gxh5 39. Rd3 Kf5 40. Rd1 Ra3+ 41. Kg2 Kg4 42. Rc1 Ra2+ 43. Kg1 Nd2 44. Bxd2 Rxd2 45. Re1 Rxd4 46. Rxe6 Kxh4 47. Kf2 Rf4+ 48. Kg2 Kg4 49. Re5 Rd4 50. Re7 h4 51. Re3 Rd2+ 52. Kh1 d4 53. Re4+ Kg3 54. Re1 h3 55. Rb1 Kf3 56. Rb3+ d3 57. Rb6 Rd1+ 58. Kh2 Rf1 59. Rf6+ Ke2 60. Re6+ Kd1 61. Kxh3 d2 62. Kg2 Rf5 63. Rc6 Ke2 64. Re6+ Kd3 65. Rd6+ Ke3 66. Re6+ Kd4 0-1

[Event "Manizales op 27th"]
[Site "Manizales"]
[Date "2022.01.07"]
[Round "2"]
[White "Manrique Ochoa, Fernando"]
[Black "Bermudez, Edilson Enrique"]
[Result "1-0"]
[WhiteElo "1999"]
[BlackElo "1699"]
[PlyCount "93"]
[EventDate "2022.01.06"]
[EventType "swiss"]
[EventRounds "8"]
[EventCountry "COL"]
[SourceTitle "CBM 206 Extra"]
[Source "ChessBase"]
[SourceDate "2022.03.31"]
[SourceVersion "1"]
[SourceVersionDate "2022.03.31"]
[SourceQuality "1"]

1. e4 c6 2. Nf3 d5 3. Nc3 Bg4 4. h3 Bxf3 5. Qxf3 e6 6. exd5 cxd5 7. Bb5+ Nc6 8. 0-0 Nf6 9. Re1 Be7 10. d4 0-0 11. Be3 Rc8 12. a3 Qb6 13. Rad1 a6 14. Bxc6 Rxc6 15. Bc1 Qc7 16. Rd3 b5 17. b4 Rb8 18. Bf4 Bd6 19. Bxd6 Qxd6 20. g4 Rbc8 21. g5 Ne4 22. Nxe4 dxe4 23. Qxe4 Rxc2 24. d5 R2c4 25. Qe3 exd5 26. Rxd5 Qf8 27. Red1 g6 28. Qb6 Rc1 29. Rxc1 Rxc1+ 30. Kg2 Rc8 31. Qxa6 Qe8 32. Qf6 Qe4+ 33. Qf3 Qxf3+ 34. Kxf3 Rc3+ 35. Kg4 Rxa3 36. Rxb5 Kg7 37. Rb7 Ra4 38. f4 h5+ 39. gxh6+ Kxh6 40. f5 f6 41. fxg6 Kxg6 42. h4 Ra1 43. h5+ Kh6 44. Rf7 Ra6 45. Kf5 Ra8 46. Rxf6+ Kxh5 47. b5 1-0

[Event "Manizales Las Americas op-A"]
[Site "Manizales"]
[Date "2021.10.18"]
[Round "9"]
[White "Ordonez Gonzalez, Gabriel"]
[Black "Manrique Ochoa, Fernando"]
[Result "0-1"]
[WhiteElo "1971"]
[BlackElo "2056"]
[PlyCount "48"]
[EventDate "2021.10.14"]
[EventType "swiss"]
[EventRounds "10"]
[EventCountry "COL"]
[SourceTitle "CBM 204 Extra"]
[Source "ChessBase"]
[SourceDate "2021.11.30"]
[SourceVersion "1"]
[SourceVersionDate "2021.11.30"]
[SourceQuality "1"]

1. c4 e5 2. Nc3 Nf6 3. g3 d5 4. cxd5 Nxd5 5. Bg2 Nb6 6. Nf3 Nc6 7. 0-0 Be7 8. d3 0-0 9. a3 Be6 10. b4 a5 11. b5 Nd4 12. Rb1 f6 13. Re1 a4 14. e3 Bb3 15. Qd2 Nc2 16. Rf1 Nxa3 17. Rxb3 axb3 18. Qb2 Qxd3 19. Qxb3+ Qc4 20. Qb2 Bb4 21. Bd2 Bxc3 22. Qxc3 Nxb5 23. Qb2 Na4 24. Qb1 Nac3 0-1

[Event "Manizales Las Americas op-A"]
[Site "Manizales"]
[Date "2021.10.17"]
[Round "8"]
[White "Lopez Rayo, Isabella"]
[Black "Manrique Ochoa, Fernando"]
[Result "1/2-1/2"]
[WhiteElo "1748"]
[BlackElo "2056"]
[PlyCount "181"]
[EventDate "2021.10.14"]
[EventType "swiss"]
[EventRounds "10"]
[EventCountry "COL"]
[SourceTitle "CBM 204 Extra"]
[Source "ChessBase"]
[SourceDate "2021.11.30"]
[SourceVersion "1"]
[SourceVersionDate "2021.11.30"]
[SourceQuality "1"]

1. e4 e5 2. Nf3 Nc6 3. d4 exd4 4. Nxd4 Nf6 5. Nxc6 bxc6 6. Bd3 d5 7. exd5 cxd5 8. 0-0 Be7 9. b3 0-0 10. Bb2 c5 11. Nd2 Bg4 12. Qe1 Re8 13. f3 Be6 14. Qf2 c4 15. Be2 Qa5 16. Nb1 Bc5 17. Bd4 cxb3 18. cxb3 Rac8 19. Bxc5 Rxc5 20. Bd3 Rec8 21. a3 Rc1 22. b4 Qc7 23. Qd4 Rxf1+ 24. Bxf1 Ne8 25. a4 Nd6 26. Na3 Nf5 27. Qd2 Qb6+ 28. Kh1 Ne3 29. Bd3 Nc4 30. Nxc4 dxc4 31. Bc2 Rd8 32. Qe1 g6 33. a5 Qc7 34. b5 c3 35. Qb1 Rd2 36. b6 axb6 37. axb6 Qf4 38. b7 Rd8 39. Ra8 Rb8 40. Qa1 Bd5 41. Be4 Bxe4 42. fxe4 c2 43. Rxb8+ Qxb8 44. Qc3 c1R+ 45. Qxc1 Qxb7 46. Qe1 h5 47. h3 Qb2 48. Kh2 Qe5+ 49. Qg3 Qxe4 50. Qb8+ Kg7 51. Qb2+ Kh7 52. Qf2 Qe5+ 53. g3 Qc7 54. h4 Qe7 55. Kh3 Kg7 56. Kh2 f6 57. Qd2 g5 58. hxg5 fxg5 59. Qc3+ Qf6 60. Qc7+ Kh6 61. Qc2 Qd6 62. Qf2 h4 63. Kg2 Qd5+ 64. Kh2 Qe5 65. Kg2 Qd5+ 66. Kh2 Qd6 67. Kg2 Qc6+ 68. Kh2 Qc7 69. Kg2 hxg3 70. Qxg3 Qc2+ 71. Kh3 Qf5+ 72. Kg2 Qe4+ 73. Qf3 Qc2+ 74. Kg3 Qc7+ 75. Kg2 Qf4 76. Qxf4 gxf4 77. Kf3 Kg5 78. Kf2 Kf5 79. Kf3 Ke5 80. Kf2 Ke4 81. Ke2 f3+ 82. Kf2 Kf4 83. Kf1 Ke3 84. Ke1 Ke4 85. Kf2 Kf4 86. Kf1 Kf5 87. Kf2 Kg4 88. Kf1 Kf5 89. Kf2 Kf4 90. Kf1 Ke3 91. Ke1 1/2-1/2

[Event "Manizales Las Americas op-A"]
[Site "Manizales"]
[Date "2021.10.17"]
[Round "7"]
[White "Manrique Ochoa, Fernando"]
[Black "Cuesta Cifuentes, Jair Alfonso"]
[Result "0-1"]
[WhiteElo "2056"]
[BlackElo "1945"]
[PlyCount "90"]
[EventDate "2021.10.14"]
[EventType "swiss"]
[EventRounds "10"]
[EventCountry "COL"]
[SourceTitle "CBM 204 Extra"]
[Source "ChessBase"]
[SourceDate "2021.11.30"]
[SourceVersion "1"]
[SourceVersionDate "2021.11.30"]
[SourceQuality "1"]

1. e4 e6 2. d4 d5 3. Nc3 Nf6 4. Bg5 Bb4 5. e5 h6 6. Bd2 Bxc3 7. bxc3 Ne4 8. Qg4 g6 9. Bd3 Nxd2 10. Kxd2 c5 11. dxc5 h5 12. Qf4 Bd7 13. Nf3 Bc6 14. Nd4 Nd7 15. Nb5 Bxb5 16. Bxb5 Rc8 17. Rab1 Rxc5 18. Bxd7+ Qxd7 19. Qd4 b6 20. Rb4 0-0 21. Rhb1 Rfc8 22. R1b3 Rc4 23. Qd3 Qc7 24. f4 Qc5 25. Qe3 Qxe3+ 26. Kxe3 Rxc3+ 27. Rxc3 Rxc3+ 28. Kd2 Ra3 29. Rb2 Ra4 30. g3 h4 31. c3 hxg3 32. hxg3 Kg7 33. Kc2 g5 34. Kb3 Re4 35. Rf2 Re3 36. Kb4 Rxg3 37. f5 Rg4+ 38. Kb5 Rf4 39. fxe6 fxe6 40. Rg2 Kg6 41. Kc6 Kf5 42. Kd6 d4 43. cxd4 Rxd4+ 44. Ke7 g4 45. Rf2+ Kxe5 0-1

[Event "Manizales Las Americas op-A"]
[Site "Manizales"]
[Date "2021.10.16"]
[Round "5"]
[White "Shaffer, Alexander"]
[Black "Manrique Ochoa, Fernando"]
[Result "0-1"]
[WhiteElo "1774"]
[BlackElo "2056"]
[PlyCount "74"]
[EventDate "2021.10.14"]
[EventType "swiss"]
[EventRounds "10"]
[EventCountry "COL"]
[SourceTitle "CBM 204 Extra"]
[Source "ChessBase"]
[SourceDate "2021.11.30"]
[SourceVersion "1"]
[SourceVersionDate "2021.11.30"]
[SourceQuality "1"]

1. e4 e5 2. Nf3 Nc6 3. Bb5 a6 4. Ba4 Nf6 5. 0-0 Be7 6. Re1 b5 7. Bb3 0-0 8. d3 d6 9. c3 Na5 10. Bc2 c5 11. Nbd2 Nc6 12. Nf1 h6 13. h3 Be6 14. Ng3 Re8 15. a3 Qc7 16. b4 d5 17. Bb2 Rad8 18. Qe2 dxe4 19. dxe4 Rd7 20. Red1 Red8 21. Rxd7 Rxd7 22. Rd1 Bc4 23. Rxd7 Nxd7 24. Qe3 a5 25. Nf5 Bf8 26. Nd2 Be6 27. bxc5 Bxc5 28. Qg3 Bxf5 29. exf5 Nf6 30. Ne4 Nxe4 31. Bxe4 Nd8 32. c4 f6 33. cxb5 Qd6 34. Qb3+ Kh7 35. a4 Qd2 36. Qc2 Qe1+ 37. Kh2 Bxf2 0-1

[Event "Manizales Las Americas op-A"]
[Site "Manizales"]
[Date "2021.10.15"]
[Round "3"]
[White "Manrique Ochoa, Fernando"]
[Black "Geurts, Harrie Tulio"]
[Result "1/2-1/2"]
[WhiteElo "2056"]
[BlackElo "1803"]
[PlyCount "117"]
[EventDate "2021.10.14"]
[EventType "swiss"]
[EventRounds "10"]
[EventCountry "COL"]
[SourceTitle "CBM 204 Extra"]
[Source "ChessBase"]
[SourceDate "2021.11.30"]
[SourceVersion "1"]
[SourceVersionDate "2021.11.30"]
[SourceQuality "1"]

1. e4 d5 2. exd5 Qxd5 3. Nc3 Qd6 4. Nb5 Qd8 5. Nf3 c6 6. Nc3 Nf6 7. d4 Bg4 8. Be3 e6 9. a3 Bd6 10. h3 Bh5 11. g4 Bg6 12. Nh4 Qc7 13. Bg2 Nbd7 14. Nxg6 hxg6 15. Qf3 Nb6 16. 0-0 0-0-0 17. b4 Nbd5 18. Nxd5 Nxd5 19. c4 Nxe3 20. fxe3 f5 21. c5 Bh2+ 22. Kh1 Qg3 23. Qxg3 Bxg3 24. Rf3 Bc7 25. Kg1 f4 26. Re1 Rhe8 27. exf4 Rxd4 28. f5 gxf5 29. gxf5 e5 30. Rg3 Re7 31. Re4 Rd1+ 32. Kf2 Rf7 33. Rf3 Rd2+ 34. Kg3 Rd4 35. Rxd4 exd4+ 36. Kg4 Be5 37. Rd3 Bf6 38. a4 Re7 39. b5 Kc7 40. bxc6 bxc6 41. Bf3 Re1 42. Bd1 Be5 43. h4 Rg1+ 44. Kf3 Rh1 45. Ke4 Bf6 46. h5 Rh2 47. Rg3 Rh4+ 48. Rg4 Rh1 49. Bf3 Re1+ 50. Kf4 d3 51. Rg6 d2 52. h6 Be5+ 53. Kg4 d1Q 54. Bxd1 Rxd1 55. hxg7 Rg1+ 56. Kh5 Rh1+ 57. Kg5 Rg1+ 58. Kh6 Rh1+ 59. Kg5 1/2-1/2

[Event "Uniagraria AlphaZero op 2nd"]
[Site "Uniagraria"]
[Date "2019.11.09"]
[Round "3"]
[White "Manrique Ochoa, Fernando"]
[Black "Ruiz Castillo, Joshua Daniel"]
[Result "0-1"]
[WhiteElo "2040"]
[BlackElo "2496"]
[PlyCount "78"]
[EventDate "2019.11.08"]
[EventType "swiss"]
[EventRounds "7"]
[EventCountry "COL"]
[SourceTitle "CBM 193 Extra"]
[Source "ChessBase"]
[SourceDate "2020.01.31"]
[SourceVersion "1"]
[SourceVersionDate "2020.01.31"]
[SourceQuality "1"]

1. e4 e6 2. d4 d5 3. Nc3 Bb4 4. Qg4 Nf6 5. Qxg7 Rg8 6. Qh6 dxe4 7. Nge2 Nbd7 8. Bd2 Qe7 9. a3 Bd6 10. Nb5 b6 11. Bf4 Kd8 12. Bxd6 cxd6 13. Qf4 Ba6 14. Nec3 Bxb5 15. Nxb5 a6 16. Nxd6 Rg4 17. Nb7+ Ke8 18. Nd6+ Kd8 19. Nb7+ Ke8 20. Qd6 Kf8 21. c4 Qxd6 22. Nxd6 Ke7 23. c5 bxc5 24. dxc5 Nxc5 25. Nc4 a5 26. g3 Rgg8 27. Be2 Nd5 28. 0-0 f5 29. f4 Nb3 30. Rad1 Rac8 31. Kf2 Rgd8 32. Rfe1 Rc5 33. Bf1 Rdc8 34. Ne3 a4 35. Re2 Nxe3 36. Kxe3 Rd5 37. Rb1 Rd3+ 38. Kf2 Nd4 39. Ree1 Rc2+ 0-1

[Event "COL-chA/B"]
[Site "Bogota"]
[Date "2019.09.01"]
[Round "7"]
[White "Obando Guzman, Soren Federico"]
[Black "Manrique Ochoa, Fernando"]
[Result "1/2-1/2"]
[WhiteElo "2036"]
[BlackElo "2003"]
[PlyCount "100"]
[EventDate "2019.08.28"]
[EventType "swiss"]
[EventRounds "7"]
[EventCountry "COL"]
[SourceTitle "EXT 2020"]
[Source "ChessBase"]
[SourceDate "2019.10.17"]
[SourceVersion "1"]
[SourceVersionDate "2019.10.17"]
[SourceQuality "1"]

1. d4 d5 2. Nf3 a6 3. g3 Nf6 4. Bg2 h6 5. 0-0 Bf5 6. c4 c6 7. Qb3 b5 8. cxd5 cxd5 9. a4 bxa4 10. Qxa4+ Qd7 11. Nc3 Qxa4 12. Rxa4 Bd7 13. Ra2 e6 14. Bf4 Nc6 15. Nb5 Nb4 16. Nc7+ Kd8 17. Ra5 Ra7 18. Ne5 Kxc7 19. Nxf7+ Kb6 20. Nxh8 Kxa5 21. Ra1+ Kb5 22. Ng6 Ra8 23. e4 Nxe4 24. f3 Ng5 25. Bf1+ Kb6 26. Nxf8 Rxf8 27. Bd6 Nxf3+ 28. Kg2 Ra8 29. Kxf3 Nc6 30. Ke3 Kb7 31. Be2 Be8 32. Rf1 Bg6 33. Bf8 e5 34. dxe5 d4+ 35. Kd2 Nxe5 36. Bxg7 d3 37. Bxe5 dxe2 38. Re1 Bh5 39. h3 Rd8+ 40. Ke3 Rd1 41. Bc3 Rxe1 42. Bxe1 Be8 43. Kxe2 h5 44. Kf3 Kc6 45. Kf4 Kd5 46. Kg5 Ke6 47. Bc3 Bf7 48. g4 hxg4 49. hxg4 Be8 50. Kh6 Kf7 1/2-1/2

[Event "COL-chA/B"]
[Site "Bogota"]
[Date "2019.08.29"]
[Round "2"]
[White "Manrique Ochoa, Fernando"]
[Black "Becerra, Juan David"]
[Result "1-0"]
[WhiteElo "2003"]
[BlackElo "2338"]
[PlyCount "67"]
[EventDate "2019.08.28"]
[EventType "swiss"]
[EventRounds "7"]
[EventCountry "COL"]
[SourceTitle "EXT 2020"]
[Source "ChessBase"]
[SourceDate "2019.10.17"]
[SourceVersion "1"]
[SourceVersionDate "2019.10.17"]
[SourceQuality "1"]

1. e4 c5 2. Nf3 d6 3. d4 cxd4 4. Nxd4 Nf6 5. Nc3 a6 6. Bg5 e6 7. f4 Nbd7 8. Qf3 h6 9. Bh4 Be7 10. 0-0-0 Qc7 11. Be2 b5 12. Bxf6 gxf6 13. e5 Bb7 14. Qh5 Nc5 15. f5 fxe5 16. Nxe6 Nxe6 17. fxe6 0-0-0 18. exf7 d5 19. Rhe1 Kb8 20. Bg4 d4 21. Nxb5 axb5 22. Qxe5 Qxe5 23. Rxe5 Bg5+ 24. Kb1 Bxg2 25. Rxb5+ Kc7 26. Be6 Kc6 27. Ra5 Kb6 28. Ra4 Be3 29. Rd3 Ra8 30. Rc4 Ra5 31. Rb3+ Ka7 32. Rc7+ Ka8 33. Rc8+ Rxc8 34. Bxc8 1-0

[Event "COL-chA/B"]
[Site "Bogota"]
[Date "2019.08.28"]
[Round "1"]
[White "Torres Cueto, Jesus Marcial"]
[Black "Manrique Ochoa, Fernando"]
[Result "0-1"]
[WhiteElo "2137"]
[BlackElo "2003"]
[PlyCount "154"]
[EventDate "2019.08.28"]
[EventType "swiss"]
[EventRounds "7"]
[EventCountry "COL"]
[SourceTitle "EXT 2020"]
[Source "ChessBase"]
[SourceDate "2019.10.17"]
[SourceVersion "1"]
[SourceVersionDate "2019.10.17"]
[SourceQuality "1"]

1. d4 d5 2. c4 dxc4 3. Nc3 e5 4. d5 c6 5. e4 Bb4 6. Bxc4 Nf6 7. Qb3 Bxc3+ 8. Qxc3 0-0 9. dxc6 Nxc6 10. f3 Nd4 11. Ne2 b5 12. Bd3 b4 13. Qd2 Nh5 14. Nxd4 Qxd4 15. Be2 Qb6 16. Qe3 Qg6 17. Qg5 Qxg5 18. Bxg5 Be6 19. Be7 Rfc8 20. g3 Bc4 21. Rd1 Bxa2 22. Bxb4 Bb3 23. Ra1 a5 24. Bc3 Rc5 25. Kd2 g6 26. Rhc1 Ng7 27. Bxa5 Ne6 28. Bc3 Rac8 29. Bd3 Rd8 30. Ke2 Rdc8 31. Kd2 Rd8 32. Ba5 Rd7 33. Bb6 Rb5 34. Be3 Rb8 35. Rc3 Nd4 36. Bxd4 exd4 37. Rc5 Be6 38. Kc1 Rdb7 39. Rc2 Bb3 40. Rf2 Rc7+ 41. Kd2 Be6 42. Kd1 Rcb7 43. Kc1 Rc7+ 44. Rc2 Rcb7 45. Ra3 Bb3 46. Rd2 g5 47. Kb1 Rb4 48. Ra5 h6 49. f4 Kf8 50. fxg5 hxg5 51. Rf2 g4 52. Ra7 Be6 53. Kc1 R8b6 54. Ra6 Rxa6 55. Bxa6 Ke7 56. Rc2 Kd6 57. Bd3 Rb8 58. Rf2 Ke5 59. Rc2 Kd6 60. Kb1 Bb3 61. Rf2 Rh8 62. Bc2 Be6 63. b3 Kc5 64. Kb2 Rb8 65. Rd2 Rh8 66. Bd3 Rb8 67. Bc2 Rb6 68. Bd1 Rb8 69. Rf2 Kd6 70. Bc2 Ke5 71. Ka3 d3 72. Bd1 Kxe4 73. b4 Ke3 74. Rf4 Ra8+ 75. Kb2 Ra2+ 76. Kb1 Rxh2 77. b5 Rh8 0-1

[Event "COL-ch U2200"]
[Site "Moniquira"]
[Date "2019.07.21"]
[Round "5"]
[White "Manrique Ochoa, Fernando"]
[Black "Olarte Mateus, Juan Vicente"]
[Result "1-0"]
[WhiteElo "2003"]
[BlackElo "2024"]
[PlyCount "61"]
[EventDate "2018.07.19"]
[EventType "swiss"]
[EventRounds "7"]
[EventCountry "COL"]
[SourceTitle "EXT 2021"]
[Source "ChessBase"]
[SourceDate "2020.10.23"]
[SourceVersion "1"]
[SourceVersionDate "2020.10.23"]
[SourceQuality "1"]

1. e4 d5 2. exd5 e6 3. dxe6 Bxe6 4. d4 Bd6 5. c4 c6 6. Nc3 Qc7 7. d5 Bf5 8. Bd3 Bg6 9. h4 Nf6 10. h5 Bxd3 11. Qxd3 0-0 12. h6 g6 13. Bg5 Nbd7 14. Nge2 Ng4 15. Rh3 Nde5 16. Qd4 a6 17. c5 Bxc5 18. Qxc5 b6 19. Qe7 Qc8 20. Ne4 Qf5 21. Nf6+ Kh8 22. Nxg4 Nxg4 23. Rf3 Qxd5 24. Bf6+ Kg8 25. Rd1 Qh5 26. Bg7 Qh1+ 27. Kd2 Rad8+ 28. Nd4 Rxd4+ 29. Kc3 Rc4+ 30. Kxc4 Ne5+ 31. Kc3 1-0

[Event "COL-ch U2200"]
[Site "Moniquira"]
[Date "2019.07.20"]
[Round "2"]
[White "Manrique Ochoa, Fernando"]
[Black "Lopez Idarraga, Daniel Eduardo"]
[Result "1/2-1/2"]
[WhiteElo "2003"]
[BlackElo "2033"]
[PlyCount "96"]
[EventDate "2018.07.19"]
[EventType "swiss"]
[EventRounds "7"]
[EventCountry "COL"]
[SourceTitle "EXT 2021"]
[Source "ChessBase"]
[SourceDate "2020.10.23"]
[SourceVersion "1"]
[SourceVersionDate "2020.10.23"]
[SourceQuality "1"]

1. e4 c5 2. Nf3 Nc6 3. d4 cxd4 4. Nxd4 g6 5. Nc3 Bg7 6. Be3 Nf6 7. Nxc6 bxc6 8. e5 Ng8 9. f4 Nh6 10. Qd2 d5 11. Na4 0-0 12. Qc3 e6 13. Bc5 Re8 14. 0-0-0 f6 15. exf6 Qxf6 16. Qxf6 Bxf6 17. h3 Nf5 18. Bd3 e5 19. g4 e4 20. gxf5 exd3 21. fxg6 dxc2 22. gxh7+ Kxh7 23. Kxc2 Bf5+ 24. Kc1 Re4 25. b3 Rg8 26. Bxa7 Re2 27. Rd2 Rxd2 28. Kxd2 Rg2+ 29. Ke3 Rxa2 30. Bd4 Bh4 31. Bb2 d4+ 32. Kf3 Be6 33. Ra1 Rxa1 34. Bxa1 Bxb3 35. Nc5 Bd5+ 36. Ke2 Bc4+ 37. Kd2 Bf6 38. Nd7 Bg7 39. f5 Bh6+ 40. Ke1 Be3 41. Ne5 Bb5 42. f6 d3 43. Bc3 Bf4 44. f7 d2+ 45. Bxd2 Bxd2+ 46. Kxd2 Kg7 47. h4 Ba4 48. Kc3 Bd1 1/2-1/2

[Event "Gachantiva op 9th"]
[Site "Gachantiva"]
[Date "2019.06.23"]
[Round "4"]
[White "Manrique Ochoa, Fernando"]
[Black "Vargas, Diana Paola"]
[Result "1-0"]
[WhiteElo "1987"]
[BlackElo "1693"]
[PlyCount "111"]
[EventDate "2019.06.21"]
[EventType "swiss"]
[EventRounds "7"]
[EventCountry "COL"]
[SourceTitle "CBM 191 Extra"]
[Source "ChessBase"]
[SourceDate "2019.09.30"]
[SourceVersion "1"]
[SourceVersionDate "2019.09.30"]
[SourceQuality "1"]

1. e4 c5 2. Nf3 e6 3. d4 cxd4 4. Nxd4 Nc6 5. Nc3 Qc7 6. f4 d6 7. Be3 a6 8. Qf3 Nf6 9. Be2 Nxd4 10. Bxd4 e5 11. Be3 b5 12. 0-0 Bb7 13. Nd5 Bxd5 14. exd5 e4 15. Qf2 Nxd5 16. Bd4 Be7 17. c4 bxc4 18. Rac1 c3 19. Bxg7 Rg8 20. Bxc3 Nxc3 21. Rxc3 Qb7 22. Qd4 Kd7 23. Rfc1 Bd8 24. Rb3 Qa7 25. Qxa7+ Rxa7 26. Rb8 Rg7 27. Rd1 Bc7 28. Rb4 f5 29. Rd5 Ke6 30. Bc4 Kf6 31. Ra4 a5 32. b4 Bb6+ 33. Kf1 Rad7 34. Bb5 Rd8 35. bxa5 Bc5 36. a6 Ra7 37. Rc4 Rc8 38. Rxd6+ Bxd6 39. Rxc8 Bxf4 40. g3 Be3 41. Ke2 Bd4 42. Rc6+ Ke5 43. Bc4 Re7 44. a4 Ba7 45. h4 f4 46. gxf4+ Kxf4 47. h5 Ke5 48. h6 Bd4 49. Bg8 Ra7 50. Be6 Re7 51. Bc8 Ra7 52. Bb7 Kf5 53. Rc4 Bb6 54. Rxe4 Bc7 55. Re7 Be5 56. Bc8+ 1-0

[Event "COL-ch Master"]
[Site "Bogota"]
[Date "2018.11.22"]
[Round "4.6"]
[White "Manrique Ochoa, Fernando"]
[Black "Cuevas, Carlos Alberto"]
[Result "1-0"]
[WhiteElo "1986"]
[BlackElo "1891"]
[PlyCount "43"]
[EventDate "2018.11.21"]
[EventType "swiss"]
[EventRounds "7"]
[EventCountry "COL"]
[SourceTitle "EXT 2024"]
[Source "ChessBase"]
[SourceDate "2023.10.10"]
[SourceVersion "1"]
[SourceVersionDate "2023.10.10"]
[SourceQuality "1"]

1. e4 c5 2. Nf3 Nc6 3. d4 cxd4 4. Nxd4 e5 5. Nb5 d6 6. N1c3 a6 7. Na3 Nf6 8. Bg5 Be6 9. Nc4 b5 10. Bxf6 gxf6 11. Ne3 h5 12. Ncd5 Rh6 13. c3 Ra7 14. a4 Qb8 15. axb5 axb5 16. Bxb5 Bd7 17. Rxa7 Qxa7 18. 0-0 h4 19. Nf5 Bxf5 20. exf5 Kd7 21. Qb3 h3 22. gxh3 1-0

[Event "COL-ch Master"]
[Site "Bogota"]
[Date "2018.11.21"]
[Round "2.8"]
[White "Manrique Ochoa, Fernando"]
[Black "Manrique, Elvis"]
[Result "1-0"]
[WhiteElo "1986"]
[BlackElo "1867"]
[PlyCount "73"]
[EventDate "2018.11.21"]
[EventType "swiss"]
[EventRounds "7"]
[EventCountry "COL"]
[SourceTitle "EXT 2024"]
[Source "ChessBase"]
[SourceDate "2023.10.10"]
[SourceVersion "1"]
[SourceVersionDate "2023.10.10"]
[SourceQuality "1"]

1. e4 e6 2. d4 d5 3. Nc3 c6 4. e5 c5 5. f4 Nc6 6. Nf3 Nh6 7. a3 Nf5 8. dxc5 Bxc5 9. b4 Be7 10. Bd3 g6 11. Bb2 Bd7 12. Qe2 Rc8 13. Nb5 Qb6 14. Qf2 Qxf2+ 15. Kxf2 a6 16. Nbd4 0-0 17. Nxf5 exf5 18. Rad1 Be6 19. Nd4 Rfd8 20. g3 Nb8 21. h4 Nd7 22. h5 Nf8 23. hxg6 fxg6 24. Rh6 Rd7 25. g4 Rdc7 26. gxf5 Bxf5 27. Nxf5 gxf5 28. Bd4 Rxc2+ 29. Bxc2 Rxc2+ 30. Kf3 Ra2 31. e6 Rxa3+ 32. Kf2 Ra2+ 33. Kg3 Re2 34. Be5 Bxb4 35. Kf3 Ra2 36. Rg1+ Ng6 37. Rgxg6+ 1-0

[Event "Bogota AlphaZero op"]
[Site "Bogota"]
[Date "2018.08.20"]
[Round "7"]
[White "Leal Cortes, Diego Fernando"]
[Black "Manrique Ochoa, Fernando"]
[Result "1-0"]
[WhiteElo "1883"]
[BlackElo "1986"]
[PlyCount "137"]
[EventDate "2018.08.17"]
[EventType "swiss"]
[EventRounds "7"]
[EventCountry "COL"]
[SourceTitle "CBM 186 Extra"]
[Source "ChessBase"]
[SourceDate "2018.08.24"]
[SourceVersion "1"]
[SourceVersionDate "2018.08.24"]
[SourceQuality "1"]

1. e4 e5 2. Nf3 Nc6 3. Bb5 a6 4. Ba4 Nf6 5. d4 b5 6. Bb3 Nxd4 7. Nxd4 exd4 8. e5 Qe7 9. 0-0 Ng8 10. Bg5 Qxg5 11. Qf3 Qg6 12. Qxa8 Kd8 13. a4 c5 14. axb5 axb5 15. Qa5+ Ke8 16. Qxb5 Qc6 17. Qxc6 dxc6 18. Ra8 Kd7 19. Bxf7 Ne7 20. Nd2 Kc7 21. Rfa1 Bb7 22. Re8 g6 23. Nc4 Nc8 24. f4 Bg7 25. Rxh8 Bxh8 26. Bg8 h6 27. Bh7 Ne7 28. Nd6 Kb6 29. Nc4+ Kc7 30. Ra5 Bg7 31. Nd6 Kb6 32. Nxb7 Kxb7 33. Rxc5 Kb6 34. Rc4 g5 35. g3 gxf4 36. gxf4 c5 37. b4 Nc6 38. bxc5+ Ka5 39. c3 dxc3 40. Rxc3 Kb4 41. Rc1 Bf8 42. Rb1+ Kxc5 43. Rb7 Kd4 44. Kg2 Ke3 45. Rc7 Ne7 46. f5 Kf4 47. e6 Kg5 48. Rb7 Kf6 49. Rb8 Bg7 50. Rb7 Bf8 51. h4 Bg7 52. h5 Bf8 53. Bg6 Kg5 54. Rb8 Bg7 55. Re8 Bf6 56. Kf3 Nd5 57. Ke4 Ne7 58. Ra8 Bg7 59. Ra7 Bf6 60. Rd7 Ng8 61. Kd5 Be7 62. Kc6 Bb4 63. Rd4 Ne7+ 64. Kd7 Bc5 65. Rd3 Kf6 66. Ke8 Bb4 67. Rb3 Bc5 68. Kd7 Ke5 69. Rb5 1-0